Vật lý hiện đại - Những vấn đề thời sự từ Bigbounce đến vũ trụ toàn ảnh

Đã lưu trong:
書目詳細資料
主要作者: Cao Chi
格式: 圖書
出版: Tp.HCM Tri thức 2016
標簽: 添加標簽
沒有標簽, 成為第一個標記此記錄!
Thư viện lưu trữ: Mạng thư viện Đại học Đà Nẵng
LEADER 01033nam a2200229 4500
001 000023934
003 20387
005 20160506130538.0
008 160506s2016 sd
100 1 |a Cao Chi 
245 1 0 |a Vật lý hiện đại - Những vấn đề thời sự từ Bigbounce đến vũ trụ toàn ảnh  |c Cao Chi 
260 |a Tp.HCM  |b Tri thức  |c 2016 
774 |a Cao Chi  |d H.  |d Tri thức  |d 2016  |g T.1  |h 414 tr.  |t Những vấn đề thời sự từ Bigbounce đến vũ trụ toàn cảnh  |w 20388  |z 9786049081149 
774 |a Cao Chi  |d H.  |d Tri thức  |d 2016  |g T.2  |h 511 tr.  |t Những vấn đề thời sự : Vũ trụ, hạt nhân, hạt cơ bản, môi trường đông đặc, máy tính lượng tử, toán và vật lí, các lí thuyết thống nhất, sóng hấp dẫn  |w 20389  |z 97860494320309 
OWN |a LSP 
999 |a From the UDN01 
TYP |a Monograph 
TYP |a Printed language 
980 |a Mạng thư viện Đại học Đà Nẵng